000 00684nam a2200193 i 4500
001 bg
100 1 _aCICHOŃ, Czesław
245 0 _aMetody komputerowe w inżynierii lądowej :
_bwybrane zagadnienia : skrypt dla studentów wyższych szkół technicznych /
_cCzesław Cichoń, Andrzej Tomana ; Politechnika Krakowska im. Tadeusza Kościuszki.
260 _aKraków :
_bPK,
_c1991.
300 _a228 s. :
_brys., wykr. ;
_c24 cm.
504 _aBibliogr. s. 228.
700 1 _aTOMANA, Andrzej
710 _aPOLITECHNIKA KRAKOWSKA (Kraków)
040 _cBPK
041 _apol
080 _a624:519.8:681.322.004](075.8)
942 _cKS
008 s pl f |000 0 pol
999 _c5590
_d5590
856 _uhttp://koha.tu.koszalin.pl/cgi-bin/koha/opac-detail.pl?biblionumber=5590
_yKatalog online BPK